Normal view
MARC view
- Kiefer, Roland
Entry Personal Name
001 - CONTROL NUMBER
- control field: 63446
003 - CONTROL NUMBER IDENTIFIER
- control field: NUST
005 - DATE AND TIME OF LATEST TRANSACTION
- control field: 20210628203124.0
008 - FIXED-LENGTH DATA ELEMENTS
- fixed length control field: 210628|| aca||aabn | a|a d
040 ## - CATALOGING SOURCE
- Original cataloging agency: NUST
- Transcribing agency: NUST
100 ## - HEADING--PERSONAL NAME
- Personal name: Kiefer, Roland
670 ## - SOURCE DATA FOUND
- Source citation: Work cat.: (NUST): Kiefer, Roland, Test solutions for digital networks, basic principles and measurementtechniques for pdh, sdh, isdn and atm, 1997
